| 000 | 01097nam a22003377a 4500 | ||
|---|---|---|---|
| 003 | CHAP | ||
| 005 | 20220817044433.0 | ||
| 008 | 110415s1953 mx a r 00010 spa d | ||
| 010 | _a100966 | ||
| 011 | _a101938 | ||
| 035 | _a112626 | ||
| 040 | _cCHAP | ||
| 090 | _aFolleto 17935 (1953) | ||
| 100 | 0 | 0 |
_aWulfrath, Arturo. _9122835 |
| 245 | 1 | 3 |
_aSentidos y lenguaje de las abejas _c/por Arturo Wulfrath y Juan Joaquín Speck |
| 250 | _a2 ed. | ||
| 260 |
_aMéxico, D. F. : _bEdiciones Mexicanas, _c[1953] |
||
| 300 |
_a48 p. : _bilus., gráfs. |
||
| 490 | 0 |
_aEnciclopedia Apícola _v; 26 |
|
| 590 |
_aBATCH-UPD _b10 _c20130110 _lUCH01 _h1708 |
||
| 590 |
_aBATCH-UPD _b10 _c20130410 _lUCH01 _h1054 |
||
| 590 |
_aBATCH-UPD _b10 _c20130914 _lUCH01 _h1308 |
||
| 590 |
_aCONVERSION _b10 _c20130109 _lUCH01 _h1356 |
||
| 650 | 1 | 4 |
_aInsectos _xHábitos y conducta. _958927 |
| 650 | 1 | 4 | _aLenguaje. |
| 700 | 0 |
_aSpeck, Juan Joaquín. _9109173 |
|
| 830 |
_aEnciclopedia Apícola _v; 26 _936734 |
||
| 901 | _aBK | ||
| 942 | _cFOLL | ||
| 949 |
_aFolleto 17935 (1953) _bBC _cFOLL _d33724002239793 _eTS1 _i112626 _sb |
||
| 999 |
_c100966 _d100966 |
||